00498 2200193 4500001002100000005001500021035002000036245002300056100001400079250001800093300003300111856001800144260001500162082001600177084002200193020002200215650003900237650002800276INLIS00000000000002620250710113245 a0010-07250000261 aDaun-Daun Istimewa0 aSaptorini aCetakan Kedua a28 hlm. :bIlus. ;c29,7 cm. aTBM AS SUHADA aRawamangun a398.209.598 a398.209.598 SAP d a978-623-307-189-5 4aCerita Anak Indonesia - Terjemahan 4aLiterasi - Bahan bacaan